| 000 | 00395cam a2200169ua 4500 | ||
|---|---|---|---|
| 020 | _cRs. 1.25 | ||
| 041 |
_amal _h |
||
| 082 |
_a894.8122 _bKSN/VR |
||
| 100 | _aK S Nair Poojapura, . | ||
| 245 | _aUrvasiyum paruammayum | ||
| 260 |
_aKoni : _bVenus press and book depot , _c1960. |
||
| 300 | _a148 ; . | ||
| 365 | _aRs. 1.25 | ||
| 504 | _a | ||
| 942 | _cBK | ||
| 999 |
_c1213 _d1213 |
||